000
00283nam a22001217a 4500
082
_a
540
_b
GUP/S
100
_a
ANAMIKA GUPTA
245
_a
SIMPLIFIED CHEMISTRY
_b
CLASS XII
260
_a
DELHI
_b
ASIAQN PUBLISHERS
300
_a
748
650
_a
CHEMISTRY FOR CLASS XII
_z
INDIA
942
_c
BK
999
_c
708
_d
708